000 00744nam a2200289Ia 4500
005 20260324125818.0
008 008 260324s9999 xx 000 0 eng d
020 _a9780203928264
037 _aEBOOK
040 _aCRL
040 _beng
040 _cCRL
041 _2eng
041 _aeng
084 _qCRL
100 _aVictoria A. Beard; Faranak Miraftab; Christopher Silver
_91179422
245 0 _aPlanning and Decentralization
245 0 _bContested Spaces for Public Action in the Global South
260 _bTaylor and Francis
260 _c2008
365 _a
365 _b290
856 _uhttp://www.taylorfrancis.com/books/9780203928264
942 _cEBOOK
999 _c1775001
_d1775001